| 000 | 00958nam0a22002411i 4500 | ||
|---|---|---|---|
| 001 | rc\4959575 | ||
| 005 | 20241101044201.0 | ||
| 021 |
_aRU _b[68-48860] |
||
| 035 | _a(NLR Aleph) 008861770 | ||
| 090 |
_a8465758 _c8465758 |
||
| 100 | _a20130426d1968 |||y0rusy50 ca | ||
| 101 | 0 | _arus | |
| 102 | _aRU | ||
| 105 | _ay d ||||| | ||
| 200 | 1 |
_aВосстание в Ажене (Южная Франция) в 1514 г. _e(По материалам муницип. архива) _eАвтореферат дис. на соискание учен. степени канд. ист. наук _e(573) _fИн-т истории АН СССР. Ленингр. отд-ние |
|
| 210 |
_aЛенинград _d1968 |
||
| 215 | _a22 с. | ||
| 700 | 1 |
_7ca _8rus _aРайцес _bВ. И. _f1928-1995 _gВладимир Ильич _9262306 _3RU\NLR\AUTH\770262362 |
|
| 801 | 0 |
_aRU _bNLR _gpsbo |
|
| 801 | 1 |
_aRU _bELAR _2rusmarc |
|
| 852 |
_aNLR _j68-4/17224 |
||
| 942 | _cBOOK | ||